Development of physical Science : (Record no. 144110)

MARC details
000 -LEADER
fixed length control field 00534nam a22001817a 4500
010 ## - LCCN (DPL NO)
LC control number ENG-120501
020 ## - INTERNATIONAL STANDARD BOOK NUMBER
International Standard Book Number 9788179261026
Terms of availability 300.00
035 ## - SYSTEM CONTROL NUMBER
System control number EN-104033
037 ## - SOURCE OF ACQUISITION
Source of stock number/acquisition DBAD/PUB
082 ## - DEWEY DECIMAL CLASSIFICATION NUMBER
Classification number 500.207
100 ## - MAIN ENTRY--PERSONAL NAME
Personal name Roy, Biman Chandra
245 ## - TITLE STATEMENT
Title Development of physical Science :
Statement of responsibility, etc by Biman Chandra Roy
Remainder of title thales to ptolemy /
260 ## - PUBLICATION, DISTRIBUTION, ETC. (IMPRINT)
Place of publication, distribution, etc Kolkata
Name of publisher, distributor, etc Best Books
Date of publication, distribution, etc 2010
270 ## - ADDRESS
Address 1A College Row,
City Kolkata
Postal code 700009
300 ## - PHYSICAL DESCRIPTION
Extent 288p. :
Dimensions 21cm(Hb).
Other physical details ill.
505 ## - FORMATTED CONTENTS NOTE
Formatted contents note
942 ## - ADDED ENTRY ELEMENTS (KOHA)
Source of classification or shelving scheme Dewey Decimal Classification
Item type English Books
Classification part 500.207
Call number suffix ROY
Holdings
Withdrawn status Lost status Not for loan Collection code Home library Current library Date acquired Source of acquisition Cost, normal purchase price Full call number Barcode Copy number Cost, replacement price Koha item type
      Non-fiction Shahdara Branch Shahdara Branch 06/09/2017 DBAD/PUB 300.00 500.207 ROY EN-104033 1 300.00 English Books

© Delhi Public Library
Hit Counter
free hit counter